[Event "BCF-chT3 0304 (4NCL)"]
[Site "West Bromwich"]
[Date "2003.11.23"]
[Round "2.8"]
[White "Barraclough, Stephanie"]
[Black "MacArthur, James"]
[Result "0-1"]
[WhiteElo "1552"]
[BlackElo "1600"]
[PlyCount "128"]
[EventDate "2003.11.23"]
[EventType "team"]
[EventRounds "11"]
[EventCountry "ENG"]
[SourceTitle "EXT 2005"]
[Source "ChessBase"]
[SourceDate "2004.11.15"]
[SourceVersion "1"]
[SourceVersionDate "2004.11.15"]
[SourceQuality "1"]
[WhiteTeam "Slough II"]
[BlackTeam "Bristol II"]
[WhiteTeamCountry "ENG"]
[BlackTeamCountry "ENG"]

1. e4 c5 2. Nf3 e6 3. d3 Nc6 4. g3 g6 5. Bg2 Bg7 6. 0-0 Nge7 7. c3 b6 8. Re1 0-0 9. e5 Ba6 10. Bg5 Rc8 11. a3 h6 12. Bc1 Qc7 13. Qe2 Rfd8 14. Bf1 d6 15. exd6 Qxd6 16. Rd1 c4 17. d4 Na5 18. Bf4 Qd5 19. Bg2 Bb7 20. Nh4 Qb5 21. Bxb7 Nxb7 22. Nf3 Qh5 23. Nbd2 b5 24. Re1 Nd5 25. Be3 Nd6 26. Nh4 Qxe2 27. Rxe2 g5 28. Nhf3 f5 29. Nf1 Rc7 30. Bd2 Re8 31. Ne3 Rce7 32. Rae1 Kf8 33. Ne5 Bxe5 34. dxe5 Ne4 35. Nxd5 exd5 36. f4 gxf4 37. gxf4 Rg7+ 38. Kh1 Rg4 39. Bc1 Ke7 40. Rg1 Reg8 41. Rxg4 Rxg4 42. Rg2 Rxg2 43. Kxg2 Nc5 44. Be3 Nd3 45. Kg3 Nxb2 46. Kh4 Na4 47. Bd4 a5 48. Kh5 b4 49. axb4 axb4 50. cxb4 c3 51. b5 c2 52. Be3 d4 53. Bd2 Nb6 54. Kxh6 Nc4 55. b6 Nxb6 56. h4 Nc4 57. Bc1 d3 58. h5 d2 59. Bxd2 Nxd2 60. Kh7 Kf7 61. h6 c1Q 62. e6+ Kxe6 63. Kh8 Qb2+ 64. Kg8 Kf6 0-1

[Event "BCF-chT3 0304 (4NCL)"]
[Site "West Bromwich"]
[Date "2003.11.22"]
[Round "1.8"]
[White "MacArthur, James"]
[Black "Morris, Claire"]
[Result "0-1"]
[WhiteElo "1600"]
[BlackElo "1616"]
[PlyCount "64"]
[EventDate "2003.11.23"]
[EventType "team"]
[EventRounds "11"]
[EventCountry "ENG"]
[SourceTitle "EXT 2005"]
[Source "ChessBase"]
[SourceDate "2004.11.15"]
[SourceVersion "1"]
[SourceVersionDate "2004.11.15"]
[SourceQuality "1"]
[WhiteTeam "Bristol II"]
[BlackTeam "Guildford III"]
[WhiteTeamCountry "ENG"]
[BlackTeamCountry "ENG"]

1. d4 Nf6 2. Nf3 g6 3. c3 Bg7 4. Nbd2 d6 5. e4 0-0 6. Bd3 Nc6 7. d5 Nb8 8. Qb3 Nbd7 9. Bc2 Ng4 10. h3 Nge5 11. Nxe5 Bxe5 12. Nf3 Bg7 13. Be3 Re8 14. 0-0-0 c6 15. dxc6 bxc6 16. Ng5 Rf8 17. f4 Qa5 18. Qa4 Qxa4 19. Bxa4 c5 20. Bxd7 Bxd7 21. Bxc5 Ba4 22. b3 dxc5 23. bxa4 Bxc3 24. Kc2 Bg7 25. Rd7 Rfe8 26. Rb1 h6 27. Nf3 Rab8 28. Rb3 c4 29. Rxb8 Rxb8 30. e5 a6 31. Rd5 e6 32. Nd4 exd5 0-1

[Event "BCF-chT3 0203 (4NCL)"]
[Site "West Bromwich"]
[Date "2003.05.26"]
[Round "11.7"]
[White "Houska, Mario"]
[Black "MacArthur, James"]
[Result "1/2-1/2"]
[WhiteElo "1656"]
[BlackElo "1440"]
[PlyCount "75"]
[EventDate "2002.11.??"]
[EventType "team"]
[EventRounds "11"]
[EventCountry "ENG"]
[SourceTitle "EXT 2004"]
[Source "ChessBase"]
[SourceDate "2003.11.25"]
[SourceVersion "1"]
[SourceVersionDate "2003.11.25"]
[SourceQuality "1"]
[WhiteTeam "Slough II"]
[BlackTeam "Bristol II"]
[WhiteTeamCountry "ENG"]
[BlackTeamCountry "ENG"]

1. d4 e6 2. c3 c5 3. Nf3 cxd4 4. Nxd4 d5 5. Bf4 Bd6 6. Bxd6 Qxd6 7. e3 a6 8. Be2 e5 9. Nf3 Be6 10. Ng5 h6 11. Nxe6 Qxe6 12. Bg4 Qd6 13. 0-0 Nf6 14. Bh3 Nc6 15. c4 Rd8 16. cxd5 Qxd5 17. Qxd5 Rxd5 18. Nc3 Rd2 19. b3 0-0 20. Rfd1 Rfd8 21. Rxd2 Rxd2 22. Bc8 Rc2 23. Nd1 Nd8 24. Bf5 e4 25. f3 g6 26. Bxe4 Nxe4 27. fxe4 h5 28. h3 Ne6 29. Kf1 Nc5 30. Nf2 Kg7 31. b4 Na4 32. a3 Nc3 33. e5 b6 34. a4 Kf8 35. a5 bxa5 36. bxa5 Ke7 37. g4 Ke6 38. gxh5 1/2-1/2

[Event "BCF-chT3 0203 (4NCL)"]
[Site "West Bromwich"]
[Date "2003.05.25"]
[Round "10.7"]
[White "MacArthur, James"]
[Black "Mahony, Richard"]
[Result "0-1"]
[WhiteElo "1440"]
[BlackElo "1856"]
[PlyCount "68"]
[EventDate "2002.11.??"]
[EventType "team"]
[EventRounds "11"]
[EventCountry "ENG"]
[SourceTitle "EXT 2004"]
[Source "ChessBase"]
[SourceDate "2003.11.25"]
[SourceVersion "1"]
[SourceVersionDate "2003.11.25"]
[SourceQuality "1"]
[WhiteTeam "Bristol II"]
[BlackTeam "Milton Keynes"]
[WhiteTeamCountry "ENG"]
[BlackTeamCountry "ENG"]

1. e4 e6 2. d4 d5 3. e5 c5 4. c3 Nc6 5. Nf3 Qb6 6. Be2 Nh6 7. Qb3 Qxb3 8. axb3 cxd4 9. Bxh6 gxh6 10. cxd4 Bg7 11. Nc3 0-0 12. 0-0 f6 13. Bb5 fxe5 14. Bxc6 exd4 15. Nxd5 bxc6 16. Ne7+ Kh8 17. Nxc6 Bb7 18. Nxa7 Bxf3 19. gxf3 Rxf3 20. Nb5 Rb8 21. Nc7 Be5 22. Nxe6 Rfxb3 23. f4 Bf6 24. Rf2 d3 25. Rf3 Re8 26. f5 Rg8+ 27. Kf1 Rxb2 28. Rg3 Rxh2 29. Rxg8+ Kxg8 30. Ra8+ Kf7 31. Ra7+ Be7 32. Kg1 Rb2 33. Rd7 d2 34. Nd8+ Ke8 0-1